Las ciudades más pobladas del mundo - 2100 - Estadísticas

Estadísticas generales
  • Esta prueba ha sido intentada 3.226 veces
  • La puntuación promedio es 10 de 30
Estadísticas de respuestas
Continent Population City % Correcto
Asia 25.6 m Tokio
84%
Norteamérica 30.2 m Nueva York
79%
África 40.5 m El Cairo
78%
África 88.3 m Lagos
66%
Asia 57.3 m Delhi
53%
Asia 54.2 m Daca
52%
África 83.5 m Kinsasa
51%
Asia 67.2 m Bombay
50%
África 46.7 m Nairobi
50%
África 35.8 m Adís Abeba
43%
Asia 52.4 m Calcuta
40%
Asia 40.0 m Manila
38%
África 56.7 m Jartum
30%
Asia 49.1 m Karachi
26%
África 40.2 m Kampala
21%
Asia 24.8 m Bangalore
20%
Asia 34.1 m Bagdad
19%
Asia 27.0 m Lahore
18%
África 36.4 m Mogadiscio
18%
África 73.7 m Dar es-Salam
17%
Asia 50.3 m Kabul
16%
África 56.1 m Niamey
16%
Asia 25.8 m Chennai
15%
África 37.7 m Lusaka
14%
África 28.3 m Kano
13%
África 28.8 m Yamena
12%
África 23.7 m Ibadán
7%
África 41.4 m Lilongüe
6%
Asia 27.2 m Saná
5%
África 40.9 m Blantyre
3%
No se encontraron pruebas coincidentes
Distribución de puntuación
Porcentaje de gente con cada puntuación
Porcentaje por número respondido
Historial de tus puntuaciones
No has intentado esta prueba.